[Event "AUTO-ADV-4008"]
[Site "http://www.queenalice.com/game.php?id=1525308"]
[Date "2018.4.28"]
[Round "1"]
[White "MarcosT"]
[Black "modesto54"]
[Result "0-1"]
[WhiteElo "1995"]
[BlackElo "1856"]

1. e4 c5 2. Bc4 d6 3. Nc3 g6 4. h3 Bg7 5. Nf3 a6 6. a4 Nf6 7. d3 O-O 8. O-O Nc6
9. Nd5 Nxd5 10. exd5 Ne5 11. Nxe5 Bxe5 12. c3 Re8 13. d4 cxd4 14. cxd4 Bg7 15.
Rb1 Qa5 16. b4 Qb6 17. Be3 Qc7 18. Re1 Qxc4 19. Rc1 Qxb4 20. Bd2 Qxd4 21. Bc3
Qxd1 22. Rexd1 Bd7 0-1

[Event "AUTO-ADV-4008"]
[Site "http://www.queenalice.com/game.php?id=1525309"]
[Date "2018.4.28"]
[Round "1"]
[White "modesto54"]
[Black "Erlofabr"]
[Result "0-1"]
[WhiteElo "1844"]
[BlackElo "1791"]

1. e4 e5 2. d3 Nc6 3. Nd2 Nf6 4. g3 d5 5. Bg2 dxe4 6. Nxe4 Bg4 7. Nf3 Bb4+ 8. c3
Ba5 9. O-O Bb6 10. Bg5 Qe7 11. Re1 O-O-O 12. Nxf6 gxf6 13. Be3 e4 14. Bxb6 axb6
15. Qa4 Bxf3 16. Qa8+ Kd7 17. Bh3+ Ke8 18. Qxb7 Qd6 19. dxe4 Na5 20. Qd5 Kf8 21.
Qxd6+ Rxd6 22. e5 Rc6 23. Re3 Bd5 24. b3 f5 25. Bxf5 h5 26. c4 Be6 27. Bd3 h4
28. Kg2 hxg3 29. fxg3 Bh3+ 30. Kf2 Re6 31. Rae1 Nc6 32. Kg1 Nd4 33. Bf1 Bg4 34.
Bg2 Reh6 35. h4 Nc2 36. Kf2 Rg8 37. Be4 Nxe3 38. Rxe3 f5 39. exf6 Rxf6+ 40. Kg2
Re6 41. Kf2 Kf7 42. Kg2 Bf5 43. Rf3 Rxe4 44. Rxf5+ Ke6 45. Rf2 Kd6 46. a4 Reg4
47. Rf3 Rxh4 48. Rf7 Re4 49. Rf5 c5 50. Rf6+ Kc7 51. Rf7+ Kc6 52. Rf6+ Kb7 53.
Rf7+ Ka6 54. Rf3 Re2+ 55. Kf1 Rge8 56. Rd3 Re1+ 57. Kf2 Rb1 58. Rf3 Rh8 59. g4
Rb2+ 60. Kg3 Rhh2 61. g5 Rbg2+ 62. Kf4 Rh4+ 63. Kf5 Rhg4 0-1

[Event "AUTO-ADV-4008"]
[Site "http://www.queenalice.com/game.php?id=1525310"]
[Date "2018.4.28"]
[Round "1"]
[White "Erlofabr"]
[Black "modesto54"]
[Result "1-0"]
[WhiteElo "1773"]
[BlackElo "1849"]

1. Nf3 c5 2. Nc3 Nf6 3. e4 d6 4. d4 cxd4 5. Nxd4 a6 6. Bc4 g6 7. Bf4 e5 8. Bg5
exd4 9. Qxd4 Bg7 10. e5 dxe5 11. Qxd8+ Kxd8 12. Nd5 Be6 13. Nxf6 Bxc4 14. Nd5+
Kc8 15. Nb6+ Kc7 16. Nxa8+ Kc6 17. Be3 Nd7 18. b3 e4 19. Rd1 Be6 20. Bf4 Rxa8
21. Rd6+ Kb5 22. Bd2 Kc5 23. Bf4 Rc8 24. O-O g5 25. Bg3 f5 26. Rxe6 Kd5 27. Re7
f4 28. Rxd7+ Ke6 29. Rxg7 1-0

[Event "Challenge"]
[Site "http://www.queenalice.com/game.php?id=1525588"]
[Date "2018.5.1"]
[Round "-"]
[White "modesto54"]
[Black "luisgalvao"]
[Result "1-0"]
[WhiteElo "1766"]
[BlackElo "1433"]

1. e4 e5 2. d3 f6 3. Nd2 d6 4. g3 h5 5. Ngf3 Bg4 6. h3 Bxf3 7. Qxf3 Nc6 8. c3 d5
9. Bg2 d4 10. h4 Bc5 11. a3 Nh6 12. O-O Qd7 13. Qd1 O-O-O 14. Kh2 dxc3 15. Bh3
f5 16. Nb3 Bd6 17. Bxh6 Rxh6 18. Bxf5 Re6 19. bxc3 Kb8 20. Qxh5 Rh6 21. Qxh6 Qf7
22. Qd2 Qxb3 23. Rfb1 Qa4 24. h5 Bxa3 25. Be6 Na5 26. g4 Re8 27. Bf5 Nb3 28.
Rxb3 Qxb3 29. Kg3 Bc5 30. Rf1 Be7 31. Rc1 Rd8 32. g5 Qa3 33. Be6 Rh8 34. h6 g6
35. Bf7 Qd6 36. Ra1 Rf8 37. Bd5 Qd8 38. c4 Bxg5 39. Qb2 Bf4+ 40. Kg2 Qg5+ 41.
Kf1 b6 42. Rxa7 Kxa7 43. Qa3+ Kb8 44. Qa8# 1-0

[Event "AUTO-ADV-3924"]
[Site "http://www.queenalice.com/game.php?id=1531956"]
[Date "2018.6.20"]
[Round "2"]
[White "modesto54"]
[Black "daddyrat"]
[Result "0-1"]
[WhiteElo "1820"]
[BlackElo "1875"]

1. e4 e5 2. d3 h6 3. Nd2 d5 4. Ngf3 dxe4 5. Nxe4 Nc6 6. g3 Nf6 7. Nxf6+ Qxf6 8.
Bg2 Bg4 9. O-O Rd8 10. Re1 Bd6 11. a3 Nd4 12. Re3 O-O 13. c3 Nxf3+ 14. Bxf3 Bc5
15. d4 exd4 16. cxd4 Bxd4 17. Rd3 Bf5 18. Rb3 Bxb2 19. Rxb2 Rxd1+ 20. Bxd1 Re8
21. Kg2 Re1 22. Ba4 Be4+ 0-1

[Event "AUTO-ADV-3924"]
[Site "http://www.queenalice.com/game.php?id=1531957"]
[Date "2018.6.20"]
[Round "2"]
[White "daddyrat"]
[Black "modesto54"]
[Result "1-0"]
[WhiteElo "1901"]
[BlackElo "1806"]

1. e4 c5 2. d4 cxd4 3. Qxd4 Nc6 4. Qc3 Nf6 5. Bd3 e6 6. a3 a5 7. Nf3 Nb4 8. Bd2
Nxd3+ 9. Qxd3 Bc5 10. Nc3 O-O 11. h3 d6 12. O-O Qb6 13. b3 Bd7 14. Be3 Bb5 15.
Nxb5 Nxe4 16. Nc3 Nf6 17. Na4 Qc6 18. Bg5 b5 19. Bxf6 gxf6 20. Nxc5 dxc5 21. c3
Kh8 22. b4 c4 23. Qd4 e5 24. Qe3 Rg8 25. Kh2 e4 26. Nd4 Qd6+ 27. g3 Qe5 28. f4
Qe8 29. Rae1 Qd7 30. Qxe4 Rae8 31. Qf3 axb4 32. axb4 Ra8 33. Rd1 Ra2+ 34. Rf2
Raa8 35. Rfd2 Qe8 36. Re2 Qd7 37. Rg2 Ra6 38. Rdd2 Rd6 39. g4 h6 40. g5 fxg5 41.
fxg5 hxg5 42. Qh5+ 1-0

[Event "AUTO-ADV-3924"]
[Site "http://www.queenalice.com/game.php?id=1531960"]
[Date "2018.6.20"]
[Round "2"]
[White "modesto54"]
[Black "mascarade"]
[Result "0-1"]
[WhiteElo "1835"]
[BlackElo "1869"]

1. e4 e5 2. d3 b6 3. Nd2 Bb7 4. Ngf3 Nf6 5. g3 Na6 6. Bg2 d6 7. O-O Be7 8. Re1
Qd7 9. c3 Nc5 10. d4 Ncxe4 11. Nh4 Nxf2 12. Kxf2 Ng4+ 13. Kg1 Bxg2 14. Nxg2 exd4
15. cxd4 h5 16. h3 Nh6 17. Kh2 g5 18. Qxh5 O-O-O 19. Qf3 Kb8 20. a4 Ng4+ 21. Kg1
Rxh3 22. Ne4 Nh2 23. Qe3 g4 24. Nd2 Re8 25. Nf4 Rhh8 26. Ra3 Bg5 27. Qf2 Bxf4
28. Rxe8+ Qxe8 29. gxf4 g3 30. Rxg3 Qxa4 31. Nb3 Ng4 32. Rxg4 Qxb3 33. Rg7 Qd1+
34. Qf1 Rh1+ 0-1

[Event "AUTO-ADV-3924"]
[Site "http://www.queenalice.com/game.php?id=1531961"]
[Date "2018.6.20"]
[Round "2"]
[White "mascarade"]
[Black "modesto54"]
[Result "1-0"]
[WhiteElo "1899"]
[BlackElo "1849"]

1. e4 c5 2. g3 d6 3. Bg2 Nc6 4. Nc3 g6 5. Nge2 Bg7 6. O-O Nf6 7. d4 cxd4 8. Nxd4
a6 9. Nxc6 Qc7 10. Nd4 b5 11. e5 Bb7 12. exf6 Bxg2 13. fxg7 1-0

[Event "Challenge"]
[Site "http://www.queenalice.com/game.php?id=1571024"]
[Date "2019.5.15"]
[Round "-"]
[White "modesto54"]
[Black "luisgalvao"]
[Result "1-0"]
[WhiteElo "1794"]
[BlackElo "1405"]

1. d4 d5 2. Bf4 Nc6 3. Nf3 Bf5 4. e3 Bg4 5. c4 dxc4 6. Bxc4 e6 7. O-O a5 8. h3
Bf5 9. Nbd2 Nf6 10. Qb3 Bb4 11. a3 a4 12. Qd1 Bd6 13. Bxd6 cxd6 14. Nh4 d5 15.
Bb5 Qb6 16. Rb1 Qxb5 17. Nxf5 exf5 18. b4 O-O 19. Nf3 Ne4 20. Nh4 Nc3 21. Qh5
Nxb1 22. Rxb1 Ne7 23. Qg5 Rfe8 24. Rc1 Rac8 25. Rxc8 Nxc8 26. Nxf5 g6 27. Nh6+
Kg7 28. Nf5+ Kh8 29. Qf6+ Kg8 30. Nh6+ Kf8 31. Qxf7# 1-0

[Event "Challenge"]
[Site "http://www.queenalice.com/game.php?id=1571025"]
[Date "2019.5.15"]
[Round "-"]
[White "luisgalvao"]
[Black "modesto54"]
[Result "1-0"]
[WhiteElo "1403"]
[BlackElo "1796"]

1. e4 c5 2. e5 Nc6 3. Nf3 Qc7 4. Qe2 g6 5. g4 Bg7 6. Bg2 Nxe5 7. O-O Nxg4 8. d3
b6 9. Re1 e6 10. Qe4 Bb7 11. Qxg4 Nh6 12. Bxh6 Bxb2 13. Nbd2 Bxa1 14. Rxa1 O-O-O
15. Ng5 f5 16. Qa4 Bc6 17. Bxc6 dxc6 18. Nxe6 Qb7 19. Bg7 Rhe8 20. Re1 Rd6 21.
Qc4 Rd4 22. Bxd4 cxd4 23. Nf3 c5 24. Qb5 Qxf3 25. Qxe8+ Kb7 26. a4 Qg4+ 27. Kh1
Qf3+ 28. Kg1 Qg4+ 29. Kf1 Qh3+ 30. Kg1 Qg4+ 31. Kf1 Qh3+ 32. Ke2 Qh5+ 33. Kd2
Qh6+ 34. f4 g5 35. Qd7+ Ka6 36. Nc7+ Ka5 37. Qb5# 1-0

[Event "AUTO-ADV-4178"]
[Site "http://www.queenalice.com/game.php?id=1571120"]
[Date "2019.5.16"]
[Round "1"]
[White "Alex_ac"]
[Black "modesto54"]
[Result "0-1"]
[WhiteElo "1927"]
[BlackElo "1739"]

1. c4 Nf6 2. d4 g6 3. Nc3 d6 4. h3 Bg7 5. e4 O-O 6. Nf3 c5 7. dxc5 dxc5 8. Bd3
b6 9. O-O Bb7 10. Re1 e5 11. Bg5 h6 12. Bh4 Qc7 13. Bg3 Nh7 14. Nb5 Qe7 15. a3
a6 16. Nc3 Nd7 17. Nd5 Qd8 18. b4 cxb4 19. Nxb4 Nc5 20. Bxe5 a5 21. Bxg7 Kxg7
22. Nd5 Nf6 23. Ne5 Re8 24. Ng4 Nxg4 25. hxg4 Bxd5 26. cxd5 Qg5 27. Rb1 Rab8 28.
d6 Qe5 29. Bc2 Red8 30. Qd5 Qxd5 31. exd5 Rxd6 32. Rbd1 Rbd8 33. Re5 Nd7 34. Re3
Nf6 35. a4 Rxd5 36. Rxd5 Rxd5 37. f3 Nd7 38. f4 Rd4 39. g3 Nc5 40. Re7 Nxa4 41.
Bxa4 Rxa4 42. Rb7 Rb4 43. g5 hxg5 44. fxg5 b5 45. Kf2 a4 46. Ke2 a3 47. Kd2 a2
48. Kc3 Rb1 49. Ra7 a1=Q+ 50. Rxa1 Rxa1 51. Kb2 Rg1 52. Kb3 Rxg3+ 53. Kb4 Rxg5
54. Ka5 Rd5 55. Kb4 f5 56. Ka5 f4 57. Kb6 f3 58. Kc6 Rf5 0-1

[Event "AUTO-ADV-4178"]
[Site "http://www.queenalice.com/game.php?id=1571121"]
[Date "2019.5.16"]
[Round "1"]
[White "modesto54"]
[Black "Alex_ac"]
[Result "0-1"]
[WhiteElo "1751"]
[BlackElo "1861"]

1. d4 e6 2. Bf4 Nc6 3. e3 a6 4. Nd2 d5 5. c4 h6 6. Ngf3 Nf6 7. h3 Ne4 8. Nxe4
dxe4 9. Ne5 Bb4+ 10. Ke2 O-O 11. a3 Be7 12. f3 exf3+ 13. Kxf3 Nxe5+ 14. Bxe5 Bf6
15. Bg3 Bg5 16. Qd2 Qf6+ 17. Ke2 c6 18. Ke1 Re8 19. Bd3 b6 20. b4 Bh4 21. Qf2
Bxg3 22. Qxg3 e5 23. Rf1 Qg5 24. Qxg5 hxg5 25. Kd2 exd4 26. exd4 Bb7 27. Rf2
Rad8 28. Rf5 f6 29. c5 Bc8 30. Rf2 bxc5 31. dxc5 f5 32. Kc3 Re3 33. Rd2 f4 34.
Kc2 g4 35. hxg4 Bxg4 36. Bh7+ Kxh7 37. Rxd8 Re2+ 38. Rd2 Re3 39. Rd6 Re2+ 0-1

[Event "AUTO-ADV-4178"]
[Site "http://www.queenalice.com/game.php?id=1571134"]
[Date "2019.5.16"]
[Round "1"]
[White "modesto54"]
[Black "Daniel1962"]
[Result "0-1"]
[WhiteElo "1771"]
[BlackElo "1805"]

1. e4 e5 2. d3 Bc5 3. Nf3 Nc6 4. g3 d6 5. Bg2 Nf6 6. Be3 Bxe3 7. fxe3 Ng4 8. Qd2
Be6 9. d4 exd4 10. exd4 Bc4 11. b3 Ba6 12. d5 Nce5 13. c4 Nxf3+ 14. Bxf3 Ne5 15.
Bg2 Qf6 16. Nc3 Nf3+ 17. Bxf3 Qxf3 18. Rf1 Qh5 19. Rf2 f6 20. Qe2 Qe5 21. Qe3
O-O 22. Rf5 Qe7 23. O-O-O b5 24. Ne2 bxc4 25. Nd4 cxb3 26. Nxb3 Bc4 27. Qc3 Qxe4
28. Rf4 Qg2 29. Rd2 Qg1+ 30. Kc2 Bxb3+ 31. Qxb3 Rab8 32. Qc4 Qb1+ 33. Kc3 Qc1+
34. Kd3 Qa3+ 35. Ke2 Rfe8+ 36. Re4 Rxe4+ 37. Qxe4 Qa6+ 38. Kf2 h6 39. Qg6 Qc8
40. Re2 Qb7 41. Re7 Qb2+ 42. Kg1 Qc1+ 43. Kg2 Rb2+ 44. Kf3 Qd1+ 45. Kf4 Qf1+ 0-1

[Event "AUTO-ADV-4178"]
[Site "http://www.queenalice.com/game.php?id=1571135"]
[Date "2019.5.16"]
[Round "1"]
[White "Daniel1962"]
[Black "modesto54"]
[Result "0-1"]
[WhiteElo "1823"]
[BlackElo "1731"]

1. d4 Nf6 2. Bf4 h6 3. c4 d6 4. e3 Nbd7 5. Nf3 e6 6. d5 Nh5 7. Bd3 Nxf4 8. O-O
Nxd3 9. Qxd3 Nc5 10. Qc3 exd5 11. cxd5 Bg4 12. Nbd2 Qe7 13. Rfe1 O-O-O 14. b4
Bxf3 15. Nxf3 Ne4 16. Qd4 Nf6 17. Qxa7 Nxd5 18. Qa8+ Kd7 19. Qxb7 Nb6 20. Rac1
Rc8 21. Qc6+ Kd8 22. Nd4 Qd7 23. Qe4 Be7 24. Nf5 g6 25. Nxe7 Qxe7 26. Qf3 Re8
27. Ra1 Qe4 28. Qe2 Qxb4 29. h3 Rb8 30. Qf3 Re7 31. Qf6 Kd7 32. Rac1 Nd5 33. Qf3
Qe4 34. Qd1 Rb2 35. a4 Qf5 36. Re2 Rxe2 37. Qxe2 Qe4 38. a5 Qa4 39. a6 Nb4 40.
Qg4+ Kd8 41. a7 Qxa7 42. Qxb4 Rxe3 43. Qh4+ Kd7 44. Qxh6 Re5 45. Rd1 Re2 46. Qh4
Qa2 47. Rf1 Qb2 48. Qh7 c5 49. Qxf7+ Kc6 50. Qxg6 Qe5 51. Qd3 Re4 52. Qa6+ Kd5
53. Rd1+ Ke6 54. Qc8+ Kf6 55. Qc6 Ke6 56. Qe8+ Kf5 57. Qd7+ Kg5 58. Rxd6 Re1#
0-1

[Event "AUTO-ADV-4178"]
[Site "http://www.queenalice.com/game.php?id=1571136"]
[Date "2019.5.16"]
[Round "1"]
[White "modesto54"]
[Black "Zeks44"]
[Result "0-1"]
[WhiteElo "1756"]
[BlackElo "1831"]

1. d4 d5 2. Bf4 b6 3. e3 Bb7 4. Nf3 Nd7 5. Nbd2 c5 6. c4 e6 7. b3 Be7 8. Bd3 h6
9. Ne5 Nxe5 10. Bxe5 Nf6 11. O-O O-O 12. Nf3 Re8 13. cxd5 Qxd5 14. Bc4 Qc6 15.
dxc5 Qxc5 16. Bd4 Qc6 17. b4 Qxc4 18. a3 Bxf3 19. Qxf3 Qd5 20. Qe2 b5 21. Rfd1
Qf5 22. Bxf6 Bxf6 23. Rac1 Bb2 24. Rc7 Bxa3 25. Rb7 Reb8 26. Rc7 Bxb4 27. g3 a6
28. Rd4 Bc5 29. Rdd7 Bb6 30. Rc1 Ra7 31. e4 Qxf2+ 0-1

[Event "AUTO-ADV-4178"]
[Site "http://www.queenalice.com/game.php?id=1571137"]
[Date "2019.5.16"]
[Round "1"]
[White "Zeks44"]
[Black "modesto54"]
[Result "1-0"]
[WhiteElo "1844"]
[BlackElo "1743"]

1. e4 c5 2. Nf3 d6 3. Bc4 Nf6 4. d3 e6 5. a3 a5 6. O-O d5 7. exd5 Nxd5 8. Ba2
Nc6 9. c3 Bd6 10. Re1 O-O 11. d4 Nf6 12. h3 Qc7 13. Be3 cxd4 14. Nxd4 Nxd4 15.
Bxd4 Nd5 16. Bxd5 exd5 17. Qf3 Be6 18. Nd2 a4 19. Qd3 Rfe8 20. Re2 Re7 21. Rae1
Qd7 22. Nf3 h6 23. Ne5 Bxe5 24. Rxe5 f6 25. R5e3 Rae8 26. Qg6 Bf7 27. Qg3 Rxe3
28. Rxe3 Qb5 29. Bxf6 g5 30. Rf3 Kf8 31. Qd6+ Kg8 32. Qc7 Qxb2 33. Bd4 Rf8 34.
Bc5 1-0

[Event "Challenge"]
[Site "http://www.queenalice.com/game.php?id=1573187"]
[Date "2019.6.3"]
[Round "-"]
[White "luisgalvao"]
[Black "modesto54"]
[Result "0-1"]
[WhiteElo "1430"]
[BlackElo "1769"]

1. e4 e5 2. Nf3 Nc6 3. a3 Bc5 4. h4 h5 5. g3 Nf6 6. Ng5 Ng4 7. Nh3 Qf6 8. f3 d6
9. fxg4 hxg4 10. Ng5 Qf2# 0-1

[Event "Challenge"]
[Site "http://www.queenalice.com/game.php?id=1586111"]
[Date "2019.10.8"]
[Round "-"]
[White "modesto54"]
[Black "Olavio"]
[Result "0-1"]
[WhiteElo "1763"]
[BlackElo "1553"]

1. e4 e5 2. Nf3 Bd6 3. Bc4 Qe7 4. Nc3 c6 5. d4 b5 6. dxe5 Bxe5 7. Bxf7+ Kxf7 8.
Nxe5+ Qxe5 9. Qf3+ Nf6 10. O-O d6 11. Bf4 Qh5 12. Qg3 Re8 13. Rfe1 Re6 14. e5
Nd5 15. Nxd5 cxd5 16. Qe3 dxe5 17. Qc5 Bd7 18. Qxd5 Bc6 19. Qb3 Qg6 20. Bg3 Nd7
21. Rad1 Nc5 22. Qb4 Ne4 23. Qb3 Re8 24. h3 Kf8 25. Re3 Kg8 26. Kh2 Nxf2 27. Rd2
Ne4 28. Bxe5 Nxd2 29. Rg3 Nf1+ 30. Kg1 Nxg3 0-1

[Event "Challenge"]
[Site "http://www.queenalice.com/game.php?id=1586183"]
[Date "2019.10.9"]
[Round "-"]
[White "Olavio"]
[Black "modesto54"]
[Result "1-0"]
[WhiteElo "1571"]
[BlackElo "1739"]

1. a4 Nf6 2. Ra3 e5 3. Rf3 d5 4. d4 e4 5. e3 exf3 6. Qxf3 Nc6 7. Bb5 Bg4 8. Qg3
Bd6 9. f4 Qd7 10. Bd2 O-O-O 11. h3 Ne4 12. Qxg4 Qxg4 13. hxg4 Ne7 14. Ne2 a6 15.
Bd3 Nxd2 16. Kxd2 h6 17. g5 hxg5 18. Rf1 gxf4 19. exf4 Rh2 20. f5 Rxg2 21. f6
Ng8 22. fxg7 Rxg7 23. Kc1 c5 24. dxc5 Bxc5 25. Nbc3 f6 26. Nf4 Rd6 27. Re1 d4
28. Ncd5 Kd7 29. Bf5+ Kd8 30. Ne6+ Ke8 31. Nxg7+ Kf7 32. Nf4 Kxg7 33. Rg1+ Kf8
34. Ne6+ Kf7 35. Rg7+ Ke8 36. Bg6# 1-0

[Event "Challenge"]
[Site "http://www.queenalice.com/game.php?id=1589314"]
[Date "2019.11.7"]
[Round "-"]
[White "modesto54"]
[Black "Olavio"]
[Result "0-1"]
[WhiteElo "1695"]
[BlackElo "1688"]

1. e4 a5 2. d4 a4 3. a3 c6 4. c4 h5 5. Bd3 h4 6. h3 e5 7. d5 cxd5 8. cxd5 Bc5 9.
Nf3 Rh5 10. Bg5 Rxg5 11. Nxg5 Qxg5 12. Qg4 Qc1+ 13. Qd1 Bxf2+ 14. Kxf2 Qxb2+ 15.
Nd2 Ra6 16. Rf1 Rf6+ 17. Ke2 Rg6 18. Rf2 Rg3 19. Qf1 Nf6 20. Rf3 Rg5 21. Rf2 Na6
22. Qb1 Qd4 23. Qb4 Nxb4 0-1

[Event "Challenge"]
[Site "http://www.queenalice.com/game.php?id=1589315"]
[Date "2019.11.7"]
[Round "-"]
[White "Olavio"]
[Black "modesto54"]
[Result "1-0"]
[WhiteElo "1594"]
[BlackElo "1716"]

1. a4 e5 2. a5 a6 3. c3 d5 4. Ra4 Bd7 5. e3 Bxa4 6. Qxa4+ Nc6 7. g3 Nf6 8. Bh3
b5 9. axb6 cxb6 10. Qxc6+ Ke7 11. b3 Ra7 12. Ba3+ 1-0